| 000 | 00687cam a22002533a 4500 | ||
|---|---|---|---|
| 001 | 30338 | ||
| 003 | PGUSA | ||
| 005 | 20140828083645.0 | ||
| 008 | 091026s2009||||xxu|||||s|||||000 1 eng d | ||
| 040 |
_aPGUSA _beng |
||
| 042 | _adc | ||
| 050 | 4 | _aPS | |
| 100 | 1 |
_aReynolds, Mack, _d1917-1983 |
|
| 245 | 1 | 0 |
_aFreedom _h[electronic resource] / _cMack Reynolds |
| 260 |
_bProject Gutenberg, _c2009 |
||
| 506 | _aPublic domain in the USA. | ||
| 516 | _aElectronic text | ||
| 653 | _aPolitical fiction | ||
| 653 | _aScience fiction | ||
| 700 | 1 |
_aSchoenherr, John, _d1935-2010 |
|
| 830 | 0 |
_aProject Gutenberg _v30338 |
|
| 856 | 4 | 0 | _uhttp://www.gutenberg.org/ebooks/30338 |
| 942 | _cEB | ||
| 999 |
_c259593 _d259593 |
||